| Tag |
First Indicator |
Second Indicator |
Subfields |
| LEADER |
00000cam a2200000 4500 |
| 001 |
in00000095706 |
| 005 |
20150925085545.0 |
| 008 |
750529s1952 nmua 00100 eng |
| 010 |
|
|
|a 52001591
|
| 035 |
|
|
|a (OCoLC)01359398
|
| 035 |
|
|
|9 AAL1923AM
|
| 040 |
|
|
|c KSU
|d TXA
|d UtOrBLW
|
| 049 |
|
|
|a TXAM [Also in] [Sp Coll]
|c 1 [296904], 2 [A08438539]
|a TXAS
|c 3 [1102095]
|
| 050 |
0 |
0 |
|a F801
|b .K355
|
| 082 |
0 |
|
|a 978.9
|
| 100 |
1 |
|
|a Keleher, William Aloysius,
|d 1886-1972.
|
| 245 |
1 |
0 |
|a Turmoil in New Mexico, 1846-1868 /
|c Front. by Ernest L. Blumenschein; decorated titles by Oscar Berninghaus.
|
| 264 |
|
1 |
|a Santa Fe, N.M. :
|b Rydal Press,
|c [1952]
|
| 264 |
|
4 |
|c [©1952]
|
| 300 |
|
|
|a xii, 534 pages :
|b illustrations ;
|c 22 cm.
|
| 336 |
|
|
|a text
|b txt
|2 rdacontent
|
| 337 |
|
|
|a unmediated
|b n
|2 rdamedia
|
| 338 |
|
|
|a volume
|b nc
|2 rdacarrier
|
| 504 |
|
|
|a Includes bibliographies.
|
| 651 |
|
0 |
|a New Mexico
|x History
|y 1848-
|
| 651 |
|
0 |
|a Arizona
|x History.
|
| 700 |
1 |
|
|a Blumenschein, E. L.
|q (Ernest Leonard),
|d 1874-1960.
|
| 999 |
|
|
|a MARS
|
| 999 |
f |
f |
|s 9ba14736-a757-30e2-812d-90052506d77e
|i 383c2546-1974-3dd3-b481-a437f11c310f
|t 0
|
| 952 |
f |
f |
|p noncirc
|a Texas A&M University
|b College Station
|c Cushing Memorial Library & Archives
|d Cushing: Kelsey Illustrators (Does not check out)
|t 0
|e F801 .K355
|h Library of Congress classification
|i unmediated -- volume
|m A14800353599
|
| 952 |
f |
f |
|p normal
|a Texas A&M University
|b College Station
|c Sterling C. Evans Library
|d Evans: Library Stacks
|t 0
|e F801 .K355
|h Library of Congress classification
|i unmediated -- volume
|m A14808438539
|
| 998 |
f |
f |
|a F801 .K355
|t 0
|l Cushing: Kelsey Illustrators (Does not check out)
|
| 998 |
f |
f |
|a F801 .K355
|t 0
|l Evans: Library Stacks
|